| 000 | 01252cam a2200397 i 4500 | ||
|---|---|---|---|
| 001 | 56608 | ||
| 003 | KOSZ 005 | ||
| 005 | 20211007135345.0 | ||
| 008 | 090804s2008 pl a f f |000 0 pol | ||
| 020 | _a9788361380283 | ||
| 040 |
_cKOSZ 005 _aKOSZ 005/HR |
||
| 041 | 0 |
_apol _heng |
|
| 046 | _k2008 | ||
| 080 | _a659.1 | ||
| 080 | _a658.82 | ||
| 080 | _a339.138 | ||
| 080 | _a(07) | ||
| 100 | 1 |
_aHealey, Matthew _eAutor |
|
| 245 | 1 | 0 |
_aCzym jest branding ? : _bpodręcznik projektowania / _cMatthew Healey ; [tł. Jacek Mikołajczyk]. |
| 246 | 1 |
_iTyt. oryg.: _aWhat is branding |
|
| 260 |
_aWarszawa : _bABE Dom Wydawniczy, _ccop. 2008. |
||
| 300 |
_a256 s. : _bil. kolor. ; _c22 cm. |
||
| 380 | _aKsiążki | ||
| 388 | _a2001- | ||
| 500 | _aOpis wg okł. | ||
| 504 | _aBibliogr., netogr. s. 250-251. Indeks. | ||
| 650 | 4 | _aMarketing | |
| 650 | 4 | _aReklama | |
| 650 | 4 | _aZnak towarowy | |
| 655 | 4 | _aPodręcznik | |
| 658 | _aZarządzanie i marketing | ||
| 700 | 1 |
_aMikołajczyk, Jacek _d(1978- ) _eTłumaczenie |
|
| 710 | 2 |
_aABE Dom Wydawniczy _4pbl. |
|
| 856 |
_uhttp://koha.tu.koszalin.pl/cgi-bin/koha/opac-detail.pl?biblionumber=56608 _yKatalog online BPK |
||
| 942 |
_cKS _2UKD |
||
| 999 |
_c56608 _d56608 |
||